000
00271nam a2200109Ia 4500
001
1276662
005
20260417160451.0
008
260417s9999 xx 000 0 und d
020
_a
9789944696074
245
0
_a
Uçan Dalgalar
_c
Mehmet Atilla
260
_b
Tudem Yayınları
999
_c
1276662
_d
1276662